Paroles Capitaine-Djadja et Dinaz - Statistiques

Statistiques générales
  • Ce quiz a été pris 209 fois
  • Le résultat moyen est 252 sur 389
Statistiques - réponses
Réponse % Correct
ça
95%
Elle
94%
je
94%
Je
94%
me
94%
à
93%
a
93%
capitaine
93%
mon
91%
ok
91%
par
90%
en
89%
bord
87%
ou
87%
suis
85%
aventador
84%
clio
83%
dans
83%
partout
82%
t'aime
82%
Tu
82%
que
81%
j'me
79%
J'me
79%
J'espère
78%
j'monte
78%
j'te
77%
pas
77%
de
74%
J'ai
74%
j'ai
74%
bien
73%
la
73%
73%
mes
73%
m'dit
72%
m'dit
72%
le
70%
m'diras
70%
sais
70%
tout
70%
pensées
69%
peur
68%
moi
67%
perds
67%
très
67%
on
65%
On
65%
Plus
65%
plus
65%
qu'tu
65%
un
65%
des
64%
et
64%
Et
64%
sacoche
64%
liquide
63%
t'es
63%
tes
63%
est
62%
rêves
61%
avec
60%
jamais
60%
J'fais
60%
j'fais
60%
d'acteur
59%
jeu
59%
les
59%
sûr
59%
sur
59%
qui
58%
vie
58%
demain
57%
faire
57%
j'suis
57%
J'suis
57%
moins
57%
vois
57%
J'm'endors
56%
leur
56%
train
56%
mec
55%
même
55%
pour
55%
fait
53%
j'la
53%
laisse
53%
arrière
52%
fais
52%
Fais
52%
mettre
52%
péril
52%
tour
52%
rimes
51%
Si
51%
d'cinéma
50%
d'manigancer
50%
idées
50%
J'les
50%
quitte
50%
sous
50%
d'marche
49%
noires
49%
avant
48%
c'est
48%
derrière
48%
il
48%
j'sais
48%
miens
48%
peuvent
48%
s'ressent
48%
carnage
47%
m'atteindre
47%
culottes
46%
guerre
46%
fera
45%
Fera
45%
menottes
45%
nage
45%
notes
45%
Ouais
45%
ouais
45%
Paname
45%
qu'ils
45%
dérive
44%
l'bateau
44%
prends
44%
Prends
44%
charbonné
43%
limite
43%
M8
43%
moche
43%
nôtres
42%
compter
41%
rebelote
41%
dormais
40%
j'partirais
40%
Mais
38%
pendant
38%
trop
38%
J'en
37%
commence
35%
dead
35%
tête
35%
fête
34%
après
33%
somme
33%
Gros
32%
parle
32%
Quand
32%
tourner
32%
c'moment
31%
l'bandito
30%
lumières
30%
pénible
30%
rien
30%
va
30%
l'argent
29%
s'éteignent
29%
casse
28%
cerné
28%
détente
28%
Kala
28%
l'écran
28%
presse
28%
qu'ça
28%
qu'ma
27%
s'en
26%
sommeil
26%
j'trouve
25%
l'même
25%
Regarde
23%
Aucun quiz correspondant
Distribution des résultats
% des personnes avec chaque résultat
Percentile par nombre de réponses
Votre historique - résultats
Vous n’avez pas pris ce quiz